000 00332nam a22001457a 4500
008 180814b xxu||||| |||| 00| 0 eng d
020 _a0521298067
041 _aeng
080 _a159.9
082 _a159.9
100 _a48
101 _a PSI
245 _aThe development of children's friendships
_cAsher.S.R
942 _2udc
_cBK
999 _c47092
_d47092